DISEÑO CURRICULAR PARA LAS ESCUELAS DE COMUNICACION (Registro nro. 6587)
[ vista simple ]
| 000 -LEADER | |
|---|---|
| fixed length control field | 00460nam a2200169 a 4500 |
| 001 - CONTROL NUMBER | |
| control field | 6587 |
| 005 - DATE AND TIME OF LATEST TRANSACTION | |
| control field | 20180713190448.0 |
| 008 - FIXED-LENGTH DATA ELEMENTS--GENERAL INFORMATION | |
| fixed length control field | 140415s1991 mx 000 0 spa d |
| 041 ## - LANGUAGE CODE | |
| Language code of text/sound track or separate title | spa |
| 082 ## - DEWEY DECIMAL CLASSIFICATION NUMBER | |
| Classification number | 378.199 |
| Item number | FUE |
| 100 1# - MAIN ENTRY--PERSONAL NAME | |
| Personal name | Fuentes N., Raúl,. |
| 245 10 - TITLE STATEMENT | |
| Title | DISEÑO CURRICULAR PARA LAS ESCUELAS DE COMUNICACION |
| 250 ## - EDITION STATEMENT | |
| Edition statement | 1a ed. |
| 260 ## - PUBLICATION, DISTRIBUTION, ETC. | |
| Place of publication, distribution, etc. | MEXICO : |
| Name of publisher, distributor, etc. | TRILLAS, |
| Date of publication, distribution, etc. | 1991 |
| 300 ## - PHYSICAL DESCRIPTION | |
| Extent | 183 |
| 650 14 - SUBJECT ADDED ENTRY--TOPICAL TERM | |
| Topical term or geographic name entry element | COMUNICACION |
| General subdivision | PLANES DE ESTUDIO |
| Withdrawn status | Lost status | Source of classification or shelving scheme | Damaged status | Not for loan | Collection code | Home library | Current library | Shelving location | Date acquired | Source of acquisition | Inventory number | Total Checkouts | Full call number | Barcode | Date last seen | Date last checked out | Price effective from | Koha item type |
|---|---|---|---|---|---|---|---|---|---|---|---|---|---|---|---|---|---|---|
| Dewey Decimal Classification | General | Biblioteca Karol Wojtyla | Biblioteca Karol Wojtyla | Sala general | 03/12/2013 | Compra | 151000000000000000045386 | 378.199 FUE | 19148 | 05/01/2026 | 30/01/2015 | 03/12/2013 | Libro | |||||
| Dewey Decimal Classification | General | Biblioteca Karol Wojtyla | Biblioteca Karol Wojtyla | Sala general | 03/12/2013 | Compra | 151000000000000000045384 | 378.199 FUE | 9018 | 05/01/2026 | 03/12/2013 | Libro | ||||||
| Dewey Decimal Classification | General | Biblioteca Karol Wojtyla | Biblioteca Karol Wojtyla | Sala general | 03/12/2013 | Compra | 151000000000000000045385 | 378.199 FUE | 19147 | 05/01/2026 | 03/12/2013 | Libro | ||||||
| Dewey Decimal Classification | General | Biblioteca Karol Wojtyla | Biblioteca Karol Wojtyla | Sala general | 03/12/2013 | Compra | 151000000000000000045387 | 378.199 FUE | 20343 | 05/01/2026 | 10/02/2015 | 03/12/2013 | Libro |